[Event "Las Palmas Insular-chT Segunda 1718"]
[Site "Las Palmas"]
[Date "2018.02.03"]
[Round "7.3"]
[White "Rodriguez Perez, Jose M"]
[Black "Roca Marrero, Jose Miguel"]
[Result "0-1"]
[WhiteElo "1127"]
[BlackElo "1559"]
[PlyCount "34"]
[EventDate "2017.10.28"]
[EventType "team-swiss"]
[EventRounds "9"]
[EventCountry "ESP"]
[SourceTitle "EXT 2021"]
[Source "ChessBase"]
[SourceDate "2020.10.23"]
[SourceVersion "1"]
[SourceVersionDate "2020.10.23"]
[SourceQuality "1"]
[WhiteTeam "San Mateo Servitel"]
[BlackTeam "Fundacion La Caja de Canarias III"]
[WhiteTeamCountry "ESP"]
[BlackTeamCountry "ESP"]

1. e4 e6 2. d4 d5 3. exd5 exd5 4. Nc3 c5 5. Bb5+ Nc6 6. dxc5 d4 7. Ne4 Nf6 8. Bg5 Qa5+ 9. Nc3 dxc3 10. Bxc6+ bxc6 11. b3 Qxc5 12. Bxf6 gxf6 13. Qe2+ Qe7 14. 0-0-0 Bh6+ 15. Kb1 Bd2 16. h3 Be6 17. Rxd2 Qa3 0-1

[Event "Las Palmas Insular-chT Segunda 1718"]
[Site "Las Palmas"]
[Date "2018.01.20"]
[Round "6.1"]
[White "Martin Rodriguez, Francisco"]
[Black "Roca Marrero, Jose Miguel"]
[Result "0-1"]
[WhiteElo "1262"]
[BlackElo "1559"]
[PlyCount "52"]
[EventDate "2017.10.28"]
[EventType "team-swiss"]
[EventRounds "9"]
[EventCountry "ESP"]
[SourceTitle "EXT 2019"]
[Source "ChessBase"]
[SourceDate "2018.10.10"]
[SourceVersion "1"]
[SourceVersionDate "2018.10.10"]
[SourceQuality "1"]
[WhiteTeam "Fundacion La Caja de Canarias IV"]
[BlackTeam "Fundacion La Caja de Canarias III"]
[WhiteTeamCountry "ESP"]
[BlackTeamCountry "ESP"]

1. d4 d5 2. c4 e6 3. Nf3 c5 4. e3 Nf6 5. Nc3 Nc6 6. cxd5 exd5 7. h3 Ne4 8. Qb3 Nxc3 9. Qxc3 cxd4 10. Qd3 dxe3 11. Bxe3 Bb4+ 12. Bd2 0-0 13. Be2 Re8 14. 0-0 Bf5 15. Qxf5 Bxd2 16. Nxd2 Rxe2 17. Rad1 Qa5 18. Nf3 Ne7 19. Qb1 Ng6 20. Rd4 Qb5 21. b3 Rd8 22. Rc1 Ne5 23. Ng5 g6 24. Rh4 h5 25. Rxh5 Rxf2 26. Rd1 Qe2 0-1

[Event "Las Palmas Insular-chT Segunda 1718"]
[Site "Las Palmas"]
[Date "2018.01.13"]
[Round "5.1"]
[White "Roca Marrero, Jose Miguel"]
[Black "Macias Reyes, Jose Luis"]
[Result "1-0"]
[WhiteElo "1559"]
[BlackElo "1553"]
[PlyCount "75"]
[EventDate "2017.10.28"]
[EventType "team-swiss"]
[EventRounds "9"]
[EventCountry "ESP"]
[SourceTitle "EXT 2019"]
[Source "ChessBase"]
[SourceDate "2018.10.10"]
[SourceVersion "1"]
[SourceVersionDate "2018.10.10"]
[SourceQuality "1"]
[WhiteTeam "Fundacion La Caja de Canarias III"]
[BlackTeam "Sociedad La Montana IV"]
[WhiteTeamCountry "ESP"]
[BlackTeamCountry "ESP"]

1. e4 e6 2. d3 d5 3. Nd2 c5 4. Ngf3 Nf6 5. e5 Nfd7 6. c3 Nc6 7. d4 Qb6 8. Nb3 cxd4 9. cxd4 Be7 10. Be2 f6 11. exf6 Nxf6 12. 0-0 0-0 13. Bg5 h6 14. Bh4 Bd6 15. Qd3 Bd7 16. Bd1 Nb4 17. Qe2 Ne4 18. a4 a5 19. Nfd2 Nxd2 20. Qxd2 Rac8 21. f4 Rc4 22. Qe3 Nc2 23. Bxc2 Rxc2 24. Ra2 Qc7 25. g3 Qc4 26. Rfa1 Rc8 27. Nxa5 Qb4 28. Nb3 R8c6 29. a5 Rc8 30. a6 bxa6 31. Rxa6 Rxb2 32. Nc5 Rxc5 33. Rxd6 Rcc2 34. Ra8+ Bc8 35. Qxe6+ Kh8 36. Qe8+ Kh7 37. Qg6+ Kh8 38. Rd8+ 1-0

[Event "Las Palmas Insular-chT Segunda 1718"]
[Site "Las Palmas"]
[Date "2017.11.11"]
[Round "2.2"]
[White "Roca Marrero, Jose Miguel"]
[Black "Aleman Perez, Domingo"]
[Result "1-0"]
[WhiteElo "1559"]
[BlackElo "1458"]
[PlyCount "131"]
[EventDate "2017.10.28"]
[EventType "team-swiss"]
[EventRounds "9"]
[EventCountry "ESP"]
[SourceTitle "EXT 2019"]
[Source "ChessBase"]
[SourceDate "2018.10.10"]
[SourceVersion "1"]
[SourceVersionDate "2018.10.10"]
[SourceQuality "1"]
[WhiteTeam "Fundacion La Caja de Canarias III"]
[BlackTeam "Villa de Teror III"]
[WhiteTeamCountry "ESP"]
[BlackTeamCountry "ESP"]

1. e4 c5 2. d3 Nc6 3. Nd2 e5 4. Ngf3 d6 5. g3 Nf6 6. Bg2 h6 7. c3 Be6 8. 0-0 Qd7 9. Re1 Be7 10. Nf1 Bg4 11. Ne3 h5 12. Nxg4 hxg4 13. Nd2 0-0-0 14. Nf1 g6 15. Be3 Kb8 16. d4 Qc7 17. Qa4 Nd7 18. d5 Na5 19. Bd2 b6 20. Ne3 Bg5 21. b4 Nb7 22. Qd1 Bxe3 23. Bxe3 f5 24. f3 f4 25. gxf4 gxf3 26. Bxf3 exf4 27. Bxf4 Ne5 28. Bxe5 dxe5 29. a4 Rh4 30. a5 b5 31. a6 Nd6 32. Ra5 c4 33. Qd2 Rdh8 34. Re2 Qf7 35. Qe3 Rf4 36. Qc5 Qd7 37. Rg2 Rh6 38. Qe3 Rh3 39. Rg3 Rh6 40. Bg4 Qf7 41. Ra1 g5 42. Be6 Qe7 43. Ra5 Rhh4 44. Qc5 Qd8 45. Rxb5+ Nxb5 46. Qxb5+ Qb6+ 47. Qxb6+ axb6 48. d6 b5 49. Rxg5 Rxe4 50. Rg8+ Ka7 51. d7 Re1+ 52. Kf2 Rd1 53. d8Q Rxd8 54. Rxd8 Kxa6 55. Rd6+ Ka7 56. Kg3 Rh6 57. Rd7+ Kb6 58. Bd5 Rg6+ 59. Kf3 Rh6 60. Ke4 Rxh2 61. Kxe5 Rc2 62. Rb7+ Ka6 63. Kd4 Rd2+ 64. Kc5 Rxd5+ 65. Kxd5 Kxb7 66. Kc5 1-0

[Event "Gran Canaria Fiestas Dolores 2nd"]
[Site "Gran Canaria"]
[Date "2017.09.05"]
[Round "2"]
[White "Roca Marrero, Jose Miguel"]
[Black "Perez Bolanos, David"]
[Result "1-0"]
[WhiteElo "1550"]
[BlackElo "1394"]
[PlyCount "87"]
[EventDate "2017.09.04"]
[EventType "swiss"]
[EventRounds "6"]
[EventCountry "ESP"]
[SourceTitle "CBM 180 Extra"]
[Source "ChessBase"]
[SourceDate "2017.10.06"]
[SourceVersion "1"]
[SourceVersionDate "2017.10.06"]
[SourceQuality "1"]

1. e4 c6 2. d3 d5 3. Nd2 g6 4. Ngf3 Bg7 5. g3 e5 6. Bg2 d4 7. 0-0 Nf6 8. Nc4 Nfd7 9. Nd6+ Ke7 10. Ng5 Qc7 11. Nxc8+ Qxc8 12. f4 f6 13. Nf3 Rf8 14. fxe5 fxe5 15. Bh3 Qe8 16. Ng5 Rxf1+ 17. Qxf1 Qg8 18. Ne6 Na6 19. Nxg7 Qxg7 20. Bg5+ Kd6 21. c3 Rf8 22. Qe2 c5 23. cxd4 cxd4 24. Rc1 Qg8 25. Qg4 Nb6 26. a4 h5 27. Qh4 Re8 28. Bh6 Nd7 29. Rc4 Nac5 30. Bf1 Nb6 31. Rc2 Nbxa4 32. Qg5 Qf7 33. Qd2 Ne6 34. Qb4+ Nac5 35. Qc4 Nd7 36. Qd5+ Ke7 37. Qxb7 g5 38. Bh3 g4 39. Qb4+ Kd8 40. Bg2 Qf6 41. Qa5+ Ke7 42. Bd2 Ra8 43. Bb4+ Kf7 44. Rf2 1-0

[Event "Gran Canaria Santana Memorial 5th"]
[Site "Gran Canaria"]
[Date "2017.02.10"]
[Round "3"]
[White "Sosa Suarez, Carla Cristina"]
[Black "Roca Marrero, Jose Miguel"]
[Result "1-0"]
[WhiteElo "1865"]
[BlackElo "1566"]
[PlyCount "95"]
[EventDate "2017.02.03"]
[EventType "swiss"]
[EventRounds "7"]
[EventCountry "ESP"]
[SourceTitle "CBM 177 Extra"]
[Source "ChessBase"]
[SourceDate "2017.04.27"]
[SourceVersion "1"]
[SourceVersionDate "2017.04.27"]
[SourceQuality "1"]

1. e4 e6 2. d4 d5 3. Nd2 Nf6 4. e5 Nfd7 5. f4 c5 6. c3 cxd4 7. cxd4 Qh4+ 8. g3 Qd8 9. Ndf3 Nc6 10. Bd3 g6 11. Ne2 Nb4 12. Bb1 Nb6 13. a3 Nc6 14. b3 Bd7 15. h4 h5 16. Bd3 Rc8 17. Bd2 Ne7 18. Bb4 Nf5 19. Bxf8 Kxf8 20. Kf2 Qe8 21. a4 Qe7 22. Qd2 a6 23. Qa5 Na8 24. Bxf5 gxf5 25. Rhc1 Kg7 26. Ng5 Rc6 27. Rxc6 Bxc6 28. Qc5 Qxc5 29. dxc5 Rd8 30. Nd4 Nc7 31. b4 Bd7 32. Ngf3 f6 33. exf6+ Kxf6 34. Ne5 Be8 35. Ke2 Ke7 36. c6 b6 37. b5 Kd6 38. Nd3 Ra8 39. Rb1 a5 40. Ne5 Ra7 41. Kd3 Na8 42. Re1 Rg7 43. Nef3 Nc7 44. Ng5 Bf7 45. Re5 Bg8 46. Kc3 Re7 47. Rxf5 Ne8 48. Rf8 1-0

[Event "Las Palmas Insular-chT Primera-A 1617"]
[Site "Las Palmas"]
[Date "2017.01.14"]
[Round "8.4"]
[White "Bolanos Viera, Manuel Jesus"]
[Black "Roca Marrero, Jose Miguel"]
[Result "0-1"]
[WhiteElo "1601"]
[BlackElo "1555"]
[PlyCount "70"]
[EventDate "2016.10.22"]
[EventType "team-tourn"]
[EventRounds "14"]
[EventCountry "ESP"]
[SourceTitle "EXT 2018"]
[Source "ChessBase"]
[SourceDate "2017.10.13"]
[SourceVersion "1"]
[SourceVersionDate "2017.10.13"]
[SourceQuality "1"]
[WhiteTeam "Sociedad La Montana II"]
[BlackTeam "Anand II"]
[WhiteTeamCountry "ESP"]
[BlackTeamCountry "ESP"]

1. e4 e6 2. d4 d5 3. Nc3 Bb4 4. Bd3 c5 5. Nf3 Nc6 6. exd5 exd5 7. 0-0 c4 8. Be2 Nf6 9. Bg5 Bxc3 10. bxc3 Qd6 11. Re1 0-0 12. Nd2 Bf5 13. Bf3 Rfe8 14. Bxf6 gxf6 15. Rxe8+ Rxe8 16. Nf1 Be4 17. Ne3 f5 18. Bxe4 fxe4 19. Qh5 Ne7 20. Ng4 Kg7 21. f4 exf3 22. Rf1 Qg6 23. Qe5+ f6 24. Qf4 h5 25. Ne3 fxg2 26. Rf2 Kf7 27. Rxg2 Qh7 28. Rf2 Qg6+ 29. Kf1 Rg8 30. Qf3 Rd8 31. Ng2 Qg5 32. Nf4 h4 33. Rg2 Qf5 34. Qf2 Rh8 35. Rg3 hxg3 0-1

[Event "Canarias-ch"]
[Site "Vecindario"]
[Date "2016.05.30"]
[Round "6.10"]
[White "Trujillo Morales, Sofia"]
[Black "Roca Marrero, Jose Miguel"]
[Result "0-1"]
[WhiteElo "1150"]
[BlackElo "1546"]
[PlyCount "62"]
[EventDate "2016.05.27"]
[EventType "swiss"]
[EventRounds "6"]
[EventCountry "ESP"]
[SourceTitle "EXT 2024"]
[Source "ChessBase"]
[SourceDate "2023.10.10"]
[SourceVersion "1"]
[SourceVersionDate "2023.10.10"]
[SourceQuality "1"]

1. e4 d5 2. exd5 Qxd5 3. Nc3 Qa5 4. Nf3 c6 5. g3 Nf6 6. h3 e5 7. d3 Be6 8. a3 Nbd7 9. Bd2 Qc7 10. Qe2 Bd6 11. Bg2 0-0 12. 0-0 Nd5 13. Rfe1 Rae8 14. Nxd5 cxd5 15. c3 f5 16. Ng5 Rf6 17. Nxe6 Rfxe6 18. Bxd5 Nf8 19. Bxe6+ Rxe6 20. Qf1 Rg6 21. Re3 Ne6 22. Rf3 f4 23. h4 Nc5 24. Rd1 Ne6 25. h5 Rf6 26. gxf4 exf4 27. Rh3 Ng5 28. Rh1 Nf3+ 29. Kg2 Qc6 30. Kh3 Qd7+ 31. Kg2 Qg4# 0-1

[Event "Las Palmas Insular-chT Primera-B"]
[Site "Las Palmas"]
[Date "2016.02.06"]
[Round "11.3"]
[White "Roca Marrero, Jose Miguel"]
[Black "Sosa Suarez, Nestor"]
[Result "1-0"]
[WhiteElo "1548"]
[BlackElo "1205"]
[PlyCount "53"]
[EventDate "2015.10.17"]
[EventType "team-tourn"]
[EventRounds "14"]
[EventCountry "ESP"]
[SourceTitle "EXT 2017"]
[Source "ChessBase"]
[SourceDate "2016.10.25"]
[SourceVersion "1"]
[SourceVersionDate "2016.10.25"]
[SourceQuality "1"]
[WhiteTeam "Anand III"]
[BlackTeam "Sociedad La Montana III"]
[WhiteTeamCountry "ESP"]
[BlackTeamCountry "ESP"]

1. e4 e5 2. Nf3 Nc6 3. Bc4 Bc5 4. b4 Bxb4 5. c3 Bc5 6. d4 exd4 7. cxd4 Bb6 8. Qb3 Qe7 9. 0-0 Na5 10. Qd3 Nxc4 11. Qxc4 d6 12. e5 Qd7 13. exd6 Qxd6 14. Ba3 Qf6 15. Re1+ Be6 16. d5 0-0-0 17. dxe6 fxe6 18. Nc3 Re8 19. Na4 Ba5 20. Rac1 c6 21. Bb2 Qf7 22. Ng5 Qd7 23. Nc5 Qd2 24. Bc3 Bxc3 25. Qxc3 Qxg5 26. Nxb7 Qd5 27. Red1 1-0

[Event "Las Palmas Insular-chT Primera-B"]
[Site "Las Palmas"]
[Date "2016.01.16"]
[Round "9.3"]
[White "Roca Marrero, Jose Miguel"]
[Black "Acosta Quintana, Maximino"]
[Result "1-0"]
[WhiteElo "1548"]
[BlackElo "1600"]
[PlyCount "49"]
[EventDate "2015.10.17"]
[EventType "team-tourn"]
[EventRounds "14"]
[EventCountry "ESP"]
[SourceTitle "CBM 170 Extra"]
[Source "ChessBase"]
[SourceDate "2016.02.25"]
[SourceVersion "1"]
[SourceVersionDate "2016.02.25"]
[SourceQuality "1"]
[WhiteTeam "Anand III"]
[BlackTeam "Goya Villa de Teror IV"]
[WhiteTeamCountry "ESP"]
[BlackTeamCountry "ESP"]

1. e4 c5 2. Bc4 Nf6 3. e5 Ng8 4. Nf3 Nc6 5. c3 g6 6. d4 Bg7 7. Nbd2 cxd4 8. cxd4 e6 9. Ne4 d5 10. Nd6+ Kf8 11. Bb5 f6 12. Bxc6 bxc6 13. Qa4 Bd7 14. Qa3 Qe7 15. Bd2 a5 16. Qc5 Nh6 17. exf6 Bxf6 18. Bxh6+ Kg8 19. Ne5 Bxe5 20. dxe5 Qh4 21. Qe3 Qb4+ 22. Qd2 c5 23. 0-0 Rb8 24. Qg5 Ba4 25. Qf6 1-0

[Event "Las Palmas Insular-chT Pref-A"]
[Site "Las Palmas"]
[Date "2015.12.12"]
[Round "6.3"]
[White "Hernandez Delgado, Christopher"]
[Black "Roca Marrero, Jose Miguel"]
[Result "1-0"]
[WhiteElo "1593"]
[BlackElo "1548"]
[PlyCount "55"]
[EventDate "2015.10.17"]
[EventType "team-tourn"]
[EventRounds "14"]
[EventCountry "ESP"]
[SourceTitle "CBM 170 Extra"]
[Source "ChessBase"]
[SourceDate "2016.02.25"]
[SourceVersion "1"]
[SourceVersionDate "2016.02.25"]
[SourceQuality "1"]
[WhiteTeam "Hotel Avda de Canarias III"]
[BlackTeam "Anand II"]
[WhiteTeamCountry "ESP"]
[BlackTeamCountry "ESP"]

1. d4 d5 2. Nf3 c6 3. e3 e6 4. c4 f5 5. Nc3 Nf6 6. Qc2 Bd6 7. Bd3 0-0 8. cxd5 Nxd5 9. Nxd5 exd5 10. 0-0 Be6 11. Bd2 Nd7 12. b4 Rc8 13. Qb3 Nf6 14. b5 Qe7 15. Rab1 Rc7 16. bxc6 bxc6 17. Ba6 c5 18. dxc5 Bxc5 19. Ba5 Bc8 20. Bxc7 Bxa6 21. Be5 Bxf1 22. Bxf6 gxf6 23. Qxd5+ Rf7 24. Rb8+ Kg7 25. Nh4 Qe5 26. Nxf5+ Kg6 27. Rg8+ Kxf5 28. g4# 1-0

[Event "Las Palmas Insular-chT Primera-B"]
[Site "Las Palmas"]
[Date "2015.11.28"]
[Round "4.3"]
[White "Sosa Suarez, Nestor"]
[Black "Roca Marrero, Jose Miguel"]
[Result "1-0"]
[WhiteElo "1205"]
[BlackElo "1548"]
[PlyCount "111"]
[EventDate "2015.10.17"]
[EventType "team-tourn"]
[EventRounds "14"]
[EventCountry "ESP"]
[SourceTitle "CBM 170 Extra"]
[Source "ChessBase"]
[SourceDate "2016.02.25"]
[SourceVersion "1"]
[SourceVersionDate "2016.02.25"]
[SourceQuality "1"]
[WhiteTeam "Sociedad La Montana III"]
[BlackTeam "Anand III"]
[WhiteTeamCountry "ESP"]
[BlackTeamCountry "ESP"]

1. d4 d5 2. c4 e6 3. Nc3 c6 4. Nf3 f5 5. c5 Nf6 6. Bf4 b6 7. b4 a5 8. a3 Na6 9. Ne5 Bb7 10. Rb1 axb4 11. axb4 b5 12. e3 Be7 13. Bd3 0-0 14. 0-0 Nd7 15. Nf3 Qe8 16. Qd2 Qh5 17. Be2 Qg6 18. Bd3 Ra7 19. Rfc1 Rfa8 20. Bxb5 Nab8 21. Bd3 h6 22. Qb2 Qe8 23. Ra1 Ba6 24. Bxa6 Nxa6 25. Qe2 Nxb4 26. Rxa7 Rxa7 27. Rb1 Na6 28. Ra1 Qa8 29. Rb1 Nc7 30. Ne5 Nxe5 31. Bxe5 Bd8 32. Qh5 Ra1 33. Qg6 Rxb1+ 34. Nxb1 Kf8 35. Qxg7+ Ke8 36. Nd2 Qc8 37. Qxh6 Be7 38. Qg6+ Kd7 39. Qg7 Ne8 40. Qf7 Qd8 41. h4 Kc8 42. Qxe6+ Qd7 43. Qxd7+ Kxd7 44. h5 Nf6 45. h6 Ke6 46. Nb3 Bf8 47. Bf4 Nh7 48. Na5 Kd7 49. Kh2 Be7 50. Kh3 Bd8 51. Nb7 Be7 52. Nd6 Bxd6 53. cxd6 Ke6 54. Kh4 Kf7 55. Kh5 Nf6+ 56. Kg5 1-0